Statistics for panic at the disco - name the song

Click here to take the quiz!

General Stats

  • This quiz has been taken 9 times
  • The average score is 9 of 15

Answer Stats

HintAnswer% Correct
and will you remember me in the same wayhouse of memories
83%
they thought they had it plannedmemories
83%
next is a trip to the ladies room in vaintheres a good reason these tables are numbered honey you just havent thought of it yet
83%
you've got a pocket full of reasons why you're here tonightcollar full
67%
i am a wolf among the sheep now i got the wool over my eyeshurricane
67%
forged at the pulpit with forked tongues selling faux sermonsi constantly thank god for esteban
67%
im ascending these ladders im climbing say goodbyeking of the clouds
67%
high until they find less pathetic winepas de cheval
67%
closer now and closer stillall the boys
50%
everything seems to be estranged when you're alonei wanna be free
50%
two dashes of the bitters add some ice then you pourold fashioned
50%
grazed the poem and made it strangeshes a handsome woman
50%
dont let me do this to myselffar too young to die
33%
theres a million ways it could goready to go
33%
what is it gonna take to make your car break downturn it back around
17%

Score Distribution

Percentile by Number Answered

Percent of People with Each Score

Your Score History

You have not taken this quiz